书目信息 |
| 题名: |
创新大学英语
|
|
| 作者: | 王大伟 总主编 ;胡永芳 册主编 | |
| 分册: | 4 读写译教程 | |
| 出版信息: | 上海 华东师范大学出版社 2010.08 |
|
| 页数: | 216页 | |
| 开本: | 29cm | |
| 丛书名: | 普通高等教育大学英语系列教材·应用型本科 | |
| 单 册: | ||
| 中图分类: | H31 | |
| 科图分类: | ||
| 主题词: | 英语--ying yu--阅读教学--高等学校--教材 , 英语--ying yu--翻译--高等学校--教材 , 英语--ying yu--写作--高等学校--教材 | |
| 电子资源: | ||
| ISBN: | 978-7-5617-7486-1 | |
| 000 | 01466nam 2200325 450 | |
| 001 | 012010148688 | |
| 005 | 20101109170204.94 | |
| 010 | @a978-7-5617-7486-1@dCNY27.00 | |
| 100 | @a20101107d2010 em y0chiy0120 ea | |
| 101 | 0 | @achi@aeng |
| 102 | @aCN@b310000 | |
| 105 | @aak z 000yy | |
| 106 | @ar | |
| 200 | 1 | @a创新大学英语@Achuang xin da xue ying yu@i读写译教程@d= Innovation college English@ia reading, writing and translation ourse@h4@i学生用书@f王大伟总主编@Fzong zhu bian wang da wei@g胡永芳本册主编@Ghu yong fang ben ce zhu bian@zeng |
| 210 | @a上海@c华东师范大学出版社@d2010.08 | |
| 215 | @a216页@c图@d29cm | |
| 225 | 2 | @a普通高等教育大学英语系列教材·应用型本科@Apu tong gao deng jiao yu da xue ying yu xi lie jiao cai·ying yong xing ben ke |
| 330 | @a本书在巩固基本功的基础上,进一步加强语言实际运用能力的培养,内容包括精读课文、选讲课文、语言在用、写作专题等。 | |
| 410 | 0 | @12001 @a普通高等教育大学英语系列教材·应用型本科 |
| 510 | 1 | @aInnovation college English@ia reading, writing and translation ourse@zeng |
| 517 | 1 | @a学生用书@Axue sheng yong shu |
| 517 | 1 | @a读写译教程@Adu xie yi jiao cheng |
| 606 | 0 | @a英语@Aying yu@x阅读教学@x高等学校@j教材 |
| 606 | 0 | @a英语@Aying yu@x翻译@x高等学校@j教材 |
| 606 | 0 | @a英语@Aying yu@x写作@x高等学校@j教材 |
| 690 | @aH31@v4 | |
| 701 | 0 | @a王大伟@Awang da wei@4总主编 |
| 702 | 0 | @a胡永芳@Ahu yong fang@4册主编 |
| 801 | 0 | @aCN@bQSSK@c20101109 |
| 905 | @b788085-87@dH31@eW147:4@f3 | |
| 创新大学英语.读写译教程= Innovation college English.a reading, writing and translation ourse.4.学生用书/王大伟总主编/胡永芳本册主编.-上海:华东师范大学出版社,2010.08 |
| 216页:图;29cm.-(普通高等教育大学英语系列教材·应用型本科) |
| ISBN 978-7-5617-7486-1:CNY27.00 |
| 本书在巩固基本功的基础上,进一步加强语言实际运用能力的培养,内容包括精读课文、选讲课文、语言在用、写作专题等。 |
| ● |
| 相关链接 |
|
|
|
正题名:创新大学英语
索取号:H31/W147:4
 
预约/预借
| 序号 | 登录号 | 条形码 | 馆藏地/架位号 | 状态 | 备注 |
| 1 | 788085 | 207880854 | 语言库209/209语言库 86排4列5层/ [索取号:H31/W147:4] | 在馆 | |
| 2 | 788086 | 207880863 | 语言库209/209语言库 86排4列5层/ [索取号:H31/W147:4] | 在馆 | |
| 3 | 788087 | 207880872 | 语言库209/209语言库 86排4列5层/ [索取号:H31/W147:4] | 在馆 |